| 000 | 00693nam a2200241Ia 4500 | ||
|---|---|---|---|
| 003 | OSt | ||
| 005 | 20220923214822.0 | ||
| 006 | a|||||r|||| 00| 0 | ||
| 007 | ta | ||
| 008 | 220922b |||||||| |||| 00| 0 hin d | ||
| 024 | _a173,083 | ||
| 037 | _cTextual | ||
| 040 |
_aARTS _cARTS _bhin |
||
| 041 |
_2hin _ahin |
||
| 082 | _aO152,6N12x, J7 | ||
| 100 | _aशर्मा, राग विलास | ||
| 245 | 0 | _aविराम चिन्ह | |
| 246 | _aVirām chinha | ||
| 260 | _c1957 | ||
| 650 |
_aहिन्दी साहित्य _9156264 |
||
| 942 |
_hO152,6N12x, J7 _cTEXL _2CC |
||
| 999 |
_c326990 _d326990 |
||